00517nam a2200193 a 4500001001300000003000900013005001700022008004100039020002300080082001800103100001800121245003600139260004200175300001000217500003500227505002200262650002100284700001800305nice12345678IN_TiNIC20260116015413.0131227s2009 swea grp 000 0 eng  a9781606080580c40000a369.1969bGUN aGunner, Goran aVulnerability, Churches and HIV aSweden bPickwick Publications c2009 a104p  aincludes index and biblioraphy2 aresources, biblio aAids and Society1 aGunner, Goran